[Event "ECU-ch"]
[Site "Salinas"]
[Date "2021.12.17"]
[Round "3"]
[White "Santos Flores, Alberto Javier"]
[Black "Moreno Viteri, Oscar Antonio"]
[Result "1/2-1/2"]
[WhiteElo "2182"]
[BlackElo "1788"]
[PlyCount "71"]
[EventDate "2021.12.16"]
[EventType "swiss"]
[EventRounds "7"]
[EventCountry "ECU"]
[SourceTitle "EXT 2023"]
[Source "ChessBase"]
[SourceDate "2022.10.05"]
[SourceVersion "1"]
[SourceVersionDate "2022.10.05"]
[SourceQuality "1"]

1. d4 e6 2. Nf3 f5 3. g3 Nf6 4. Bg2 Be7 5. 0-0 0-0 6. c4 d6 7. Nc3 Ne4 8. Qc2 Nxc3 9. Qxc3 a5 10. b3 Nc6 11. Bb2 Bf6 12. Rad1 Qe8 13. Qc1 e5 14. d5 Nb4 15. a3 Na6 16. Bc3 Nc5 17. b4 axb4 18. axb4 Ne4 19. Bb2 Qh5 20. Nd2 Bg5 21. f4 exf4 22. gxf4 Bf6 23. Nxe4 fxe4 24. e3 Bg4 25. Rd2 Bf3 26. Bxf3 exf3 27. Rdf2 Ra2 28. Bxf6 Qg4+ 29. Kh1 Qg2+ 30. Rxg2 fxg2+ 31. Kg1 gxf1Q+ 32. Kxf1 Rxf6 33. Qb1 Rxh2 34. Kg1 Rd2 35. Qa1 Rg6+ 36. Kf1 1/2-1/2

[Event "ECU-ch U20"]
[Site "Guayaquil"]
[Date "2020.02.19"]
[Round "2"]
[White "Moreno Viteri, Oscar Antonio"]
[Black "Simba Fonte, Ariel"]
[Result "1-0"]
[WhiteElo "1759"]
[BlackElo "1465"]
[PlyCount "55"]
[EventDate "2020.02.19"]
[EventType "swiss"]
[EventRounds "9"]
[EventCountry "ECU"]
[SourceTitle "CBM 195 Extra"]
[Source "ChessBase"]
[SourceDate "2020.05.31"]
[SourceVersion "1"]
[SourceVersionDate "2020.05.31"]
[SourceQuality "1"]

1. e4 e6 2. Nc3 d5 3. Nf3 Nf6 4. e5 Nfd7 5. Ne2 c5 6. c3 Nc6 7. d4 Qb6 8. a3 c4 9. Nf4 Be7 10. h4 g6 11. Ng5 Nf8 12. Qf3 Bxg5 13. hxg5 Qc7 14. Be2 Qe7 15. Bd1 Bd7 16. 0-0 Na5 17. Rb1 Nb3 18. Bxb3 cxb3 19. c4 dxc4 20. Qxb7 Qd8 21. d5 Qc8 22. Qb4 a5 23. Qc3 Ra6 24. Be3 exd5 25. e6 Rg8 26. exf7+ Kxf7 27. Rbd1 Ne6 28. Nxe6 1-0

[Event "Pan American-ch U16"]
[Site "Guayaquil"]
[Date "2019.07.25"]
[Round "7"]
[White "Moreno Viteri, Oscar Antonio"]
[Black "Carballo Jacquez, Emmanuel"]
[Result "0-1"]
[WhiteElo "1741"]
[BlackElo "1657"]
[PlyCount "60"]
[EventDate "2019.07.21"]
[EventType "swiss"]
[EventRounds "9"]
[EventCountry "ECU"]
[SourceTitle "EXT 2020"]
[Source "ChessBase"]
[SourceDate "2019.10.17"]
[SourceVersion "1"]
[SourceVersionDate "2019.10.17"]
[SourceQuality "1"]

1. e4 e6 2. Nc3 Be7 3. Nf3 d5 4. d4 Nf6 5. e5 Nfd7 6. Ne2 c5 7. c3 Nc6 8. Nf4 Qb6 9. a3 a5 10. b3 Qa7 11. h4 b6 12. Bd3 Ba6 13. Bc2 b5 14. Be3 b4 15. axb4 axb4 16. Ng5 g6 17. Nxf7 Kxf7 18. Qg4 Nf8 19. h5 g5 20. Nxe6 Nxe6 21. Qf5+ Ke8 22. Qxe6 Qd7 23. Qh6 bxc3 24. dxc5 Nb4 25. Bg6+ Kd8 26. Qg7 Kc7 27. Bxh7 Nd3+ 28. Bxd3 Bxd3 29. Rc1 Ra2 30. Qxh8 Qg4 0-1

[Event "ECU-ch U16"]
[Site "Guayaquil"]
[Date "2019.04.21"]
[Round "8"]
[White "Moreno Viteri, Oscar Antonio"]
[Black "Ramos Bayas, David Santiago"]
[Result "0-1"]
[WhiteElo "1797"]
[BlackElo "1690"]
[PlyCount "52"]
[EventDate "2019.04.17"]
[EventType "swiss"]
[EventRounds "9"]
[EventCountry "ECU"]
[SourceTitle "CBM 190 Extra"]
[Source "ChessBase"]
[SourceDate "2019.07.15"]
[SourceVersion "1"]
[SourceVersionDate "2019.07.15"]
[SourceQuality "1"]

1. e4 c5 2. Nc3 Nc6 3. Bb5 Nd4 4. Bc4 d6 5. Nge2 g6 6. Nxd4 cxd4 7. Ne2 Bg7 8. d3 Bd7 9. c3 dxc3 10. bxc3 b5 11. Bb3 Nf6 12. f3 0-0 13. 0-0 Qc7 14. Be3 Rfc8 15. a4 a6 16. Qd2 Rab8 17. axb5 Bxb5 18. Ba4 Nd7 19. Bxb5 axb5 20. Ra7 Rb7 21. Rfa1 Nc5 22. Rxb7 Qxb7 23. Rb1 Qa6 24. Nd4 b4 25. c4 Qa3 26. Rxb4 Qa1+ 0-1

[Event "ECU-ch U16"]
[Site "Guayaquil"]
[Date "2019.04.19"]
[Round "5"]
[White "Luna Urrutia, Alex Josue"]
[Black "Moreno Viteri, Oscar Antonio"]
[Result "1/2-1/2"]
[WhiteElo "1601"]
[BlackElo "1797"]
[PlyCount "75"]
[EventDate "2019.04.17"]
[EventType "swiss"]
[EventRounds "9"]
[EventCountry "ECU"]
[SourceTitle "CBM 190 Extra"]
[Source "ChessBase"]
[SourceDate "2019.07.15"]
[SourceVersion "1"]
[SourceVersionDate "2019.07.15"]
[SourceQuality "1"]

1. e4 d6 2. d4 Nf6 3. Nc3 c6 4. Bg5 Nbd7 5. Nf3 e5 6. Be2 Be7 7. Qd2 h6 8. Bh4 0-0 9. 0-0 b5 10. Bd3 Bb7 11. Bxf6 Bxf6 12. Ne2 Re8 13. c3 d5 14. Ng3 Qb6 15. exd5 cxd5 16. Bf5 Rad8 17. Bxd7 Rxd7 18. dxe5 Bxe5 19. Nxe5 Rxe5 20. Rfe1 Rxe1+ 21. Rxe1 d4 22. Qd3 g6 23. Rd1 Bd5 24. Ne4 f5 25. Nd2 dxc3 26. Qxc3 Qc6 27. Nf3 Qxc3 28. bxc3 Be6 29. Rxd7 Bxd7 30. Ne5 Be8 31. f4 Kf8 32. Kf2 Ke7 33. Ke3 Kd6 34. Kd4 g5 35. g3 a6 36. a3 gxf4 37. gxf4 Bh5 38. h3 1/2-1/2

[Event "South America-ch U20 13th"]
[Site "Manta"]
[Date "2017.04.26"]
[Round "3"]
[White "Villarroel Escobar, Marco Sebastian"]
[Black "Moreno Viteri, Oscar Antonio"]
[Result "0-1"]
[WhiteElo "1454"]
[BlackElo "1695"]
[PlyCount "58"]
[EventDate "2017.04.25"]
[EventType "swiss"]
[EventRounds "9"]
[EventCountry "ECU"]
[SourceTitle "CBM 178 Extra"]
[Source "ChessBase"]
[SourceDate "2017.06.22"]
[SourceVersion "1"]
[SourceVersionDate "2017.06.22"]
[SourceQuality "1"]

1. e4 c6 2. Nf3 d5 3. Nc3 Bg4 4. d4 Nf6 5. e5 Nfd7 6. Be2 e6 7. Be3 c5 8. dxc5 Bxf3 9. Bxf3 Nc6 10. Be2 Bxc5 11. Bxc5 Nxc5 12. Bb5 0-0 13. Bxc6 bxc6 14. 0-0 Nd7 15. Re1 Qc7 16. Qh5 Rab8 17. b3 c5 18. f4 Rb4 19. f5 Rf4 20. g4 Nxe5 21. fxe6 Nf3+ 22. Kh1 Nxe1 23. exf7+ R4xf7 24. Rxe1 Qa5 25. Qe5 d4 26. Nd5 Qd2 27. Qe6 Qxe1+ 28. Qxe1 Rf1+ 29. Qxf1 Rxf1+ 0-1

[Event "South America-ch U20 13th"]
[Site "Manta"]
[Date "2017.04.25"]
[Round "1"]
[White "Moreno Viteri, Oscar Antonio"]
[Black "Cori Quispe, Kevin Joel"]
[Result "0-1"]
[WhiteElo "1695"]
[BlackElo "2378"]
[PlyCount "66"]
[EventDate "2017.04.25"]
[EventType "swiss"]
[EventRounds "9"]
[EventCountry "ECU"]
[SourceTitle "CBM 178 Extra"]
[Source "ChessBase"]
[SourceDate "2017.06.22"]
[SourceVersion "1"]
[SourceVersionDate "2017.06.22"]
[SourceQuality "1"]

1. e4 c5 2. Nf3 e6 3. d4 cxd4 4. Nxd4 Nc6 5. Nb3 Nf6 6. Bd3 Be7 7. 0-0 0-0 8. Be3 d5 9. Nc3 d4 10. Nxd4 Nxd4 11. e5 Nc6 12. exf6 Bxf6 13. Qd2 Qa5 14. Rad1 Rd8 15. a3 b6 16. Nb5 Qxd2 17. Rxd2 Ba6 18. Rfd1 Rxd3 19. cxd3 Bxb5 20. b3 Ne7 21. Rc2 Nd5 22. Rdc1 Bd7 23. Kf1 h6 24. Ke2 a5 25. h3 b5 26. Bd2 b4 27. a4 Bc3 28. Bxc3 bxc3 29. d4 Rb8 30. Rxc3 Nxc3+ 31. Rxc3 Kf8 32. Kd3 Ke7 33. Kc2 Rc8 0-1

[Event "Pan American-ch U14 27th"]
[Site "Montevideo"]
[Date "2016.07.30"]
[Round "8"]
[White "Moreno Viteri, Oscar Antonio"]
[Black "Canabal, Ignacio"]
[Result "1-0"]
[WhiteElo "1531"]
[BlackElo "1749"]
[PlyCount "91"]
[EventDate "2016.07.25"]
[EventType "swiss"]
[EventRounds "9"]
[EventCountry "URU"]
[SourceTitle "EXT 2017"]
[Source "ChessBase"]
[SourceDate "2016.10.25"]
[SourceVersion "1"]
[SourceVersionDate "2016.10.25"]
[SourceQuality "1"]

1. e4 c6 2. d4 d5 3. exd5 cxd5 4. Bd3 Nc6 5. c3 Nf6 6. Bf4 Bg4 7. Nf3 e6 8. Nbd2 Bh5 9. Qb3 Qc8 10. 0-0 Be7 11. Rfe1 0-0 12. a3 Bg6 13. Bxg6 hxg6 14. Ne5 Nxe5 15. Bxe5 Qd7 16. Bxf6 Bxf6 17. Nf3 Rfb8 18. Ne5 Bxe5 19. Rxe5 b5 20. Re3 a5 21. h4 Qc6 22. Rh3 b4 23. axb4 axb4 24. Rxa8 Qxa8 25. h5 bxc3 26. Qxc3 Qa1+ 27. Kh2 Qxb2 28. hxg6 Qxc3 29. gxf7+ Kxf7 30. Rxc3 e5 31. dxe5 Ke6 32. f4 Kf5 33. Rc5 Ke4 34. e6 Re8 35. f5 d4 36. g4 d3 37. Rc6 Kf3 38. Rd6 Kf2 39. Rxd3 g6 40. Rh3 gxf5 41. gxf5 Ke2 42. Rh7 Kf3 43. e7 Kf4 44. f6 Ke5 45. f7 Rxe7 46. Rh5+ 1-0

[Event "Pan American-ch U14 27th"]
[Site "Montevideo"]
[Date "2016.07.28"]
[Round "6"]
[White "Moreno Viteri, Oscar Antonio"]
[Black "Almeida, Gianluca Jorio"]
[Result "1/2-1/2"]
[WhiteElo "1531"]
[BlackElo "2065"]
[PlyCount "178"]
[EventDate "2016.07.25"]
[EventType "swiss"]
[EventRounds "9"]
[EventCountry "URU"]
[SourceTitle "EXT 2017"]
[Source "ChessBase"]
[SourceDate "2016.10.25"]
[SourceVersion "1"]
[SourceVersionDate "2016.10.25"]
[SourceQuality "1"]

1. e4 c5 2. Nf3 Nc6 3. d4 cxd4 4. Nxd4 g6 5. Nc3 Bg7 6. Nb3 Nf6 7. Be2 0-0 8. 0-0 d6 9. Re1 a6 10. a4 Be6 11. Bf1 Bxb3 12. cxb3 Rc8 13. Nd5 Nxd5 14. exd5 Ne5 15. Bg5 Re8 16. Kh1 Nd7 17. Qd2 Nf6 18. Bc4 Qd7 19. a5 Qf5 20. f3 Rc5 21. Rad1 Kf8 22. Bh4 Ng8 23. Bf2 Rcc8 24. Re2 Bh6 25. Qd3 Qxd3 26. Rxd3 Nf6 27. Rd1 Nd7 28. Rde1 Ne5 29. Re4 Bd2 30. Ra1 f5 31. Re2 Bh6 32. Rc2 Bg7 33. Rac1 Kf7 34. Bb5 Rxc2 35. Bxe8+ Kxe8 36. Rxc2 Nd3 37. Bb6 Nb4 38. Rc8+ Kf7 39. Rc7 Nxd5 40. Rxb7 Bxb2 41. Ra7 Nb4 42. Bf2 Bc3 43. Bh4 Bf6 44. Bxf6 Kxf6 45. Rb7 Nc6 46. b4 Ke6 47. b5 axb5 48. a6 d5 49. Rxb5 d4 50. Kg1 d3 51. Rb3 d2 52. Rd3 Nb4 53. Rxd2 Nxa6 54. Kf2 Nc5 55. Ke3 Kf6 56. Rc2 Nd7 57. f4 h6 58. h4 e5 59. Rc6+ Kf7 60. Rd6 exf4+ 61. Kxf4 Nf6 62. Ra6 Ng4 63. g3 Nf6 64. Rd6 Nh5+ 65. Ke5 Nxg3 66. Rd7+ Kg8 67. Kf6 g5 68. hxg5 hxg5 69. Kxg5 f4 70. Kxf4 Nh5+ 71. Kg5 Ng7 72. Kg6 Ne8 73. Kf5 Kf8 74. Ra7 Ng7+ 75. Ke5 Ne8 76. Ke6 Ng7+ 77. Kf6 Ne8+ 78. Kg6 Nd6 79. Rd7 Ne8 80. Kf5 Ng7+ 81. Kf6 Ne8+ 82. Ke5 Ng7 83. Ra7 Ne8 84. Rb7 Ng7 85. Kd6 Ne8+ 86. Kd7 Kf7 87. Kd8+ Kf8 88. Rb1 Nf6 89. Rf1 Kf7 1/2-1/2

[Event "Pan American-ch U14 27th"]
[Site "Montevideo"]
[Date "2016.07.26"]
[Round "2"]
[White "Moreno Viteri, Oscar Antonio"]
[Black "Nakada, Akira W"]
[Result "0-1"]
[WhiteElo "1531"]
[BlackElo "1904"]
[PlyCount "116"]
[EventDate "2016.07.25"]
[EventType "swiss"]
[EventRounds "9"]
[EventCountry "URU"]
[SourceTitle "EXT 2017"]
[Source "ChessBase"]
[SourceDate "2016.10.25"]
[SourceVersion "1"]
[SourceVersionDate "2016.10.25"]
[SourceQuality "1"]

1. e4 e6 2. d4 d5 3. Nd2 c5 4. exd5 Qxd5 5. Ngf3 cxd4 6. Bc4 Qd6 7. 0-0 Nf6 8. Nb3 Nc6 9. Nfxd4 Nxd4 10. Qxd4 Qxd4 11. Nxd4 Bd7 12. Be3 Rc8 13. Be2 Bc5 14. c3 Nd5 15. Nc2 Nxe3 16. Nxe3 Bc6 17. Nc4 0-0 18. Ne5 Rfd8 19. Nxc6 Rd2 20. Bf3 bxc6 21. b4 Bb6 22. c4 c5 23. b5 Rcd8 24. a4 Ba5 25. Rfd1 Rc2 26. Rxd8+ Bxd8 27. Kf1 Ba5 28. Be2 Kf8 29. g3 Ke7 30. Rd1 Ra2 31. Bf3 Rxa4 32. Bc6 Bb6 33. Rd7+ Kf6 34. Rb7 Rxc4 35. Be8 Kg5 36. Rxf7 Kh6 37. Re7 Re4 38. Kg2 Re1 39. Bd7 Kg6 40. Rxe6+ Rxe6 41. Bxe6 Kf6 42. Bg8 Ke5 43. Bxh7 Kd4 44. Kf3 c4 45. Ke2 Kc5 46. f4 Kxb5 47. f5 Bc7 48. Bg8 Kb4 49. Ke3 a5 50. g4 Bd8 51. Kf4 a4 52. g5 a3 53. f6 Bxf6 54. gxf6 gxf6 55. Bxc4 Kxc4 56. Kf5 a2 57. Kxf6 a1Q+ 58. Kg5 Qg1+ 0-1